| 000 | 00446nam a2200169Ia 4500 | ||
|---|---|---|---|
| 008 | 230524s9999 xx 000 0 und d | ||
| 020 | _a9788189866464 | ||
| 082 |
_a363.340954 _bSIN |
||
| 100 |
_aJagbir Singh _942913 |
||
| 245 | 0 | _aDisaster Management Future Challenges and Opportunities | |
| 250 | _a1 | ||
| 260 |
_aNew Delhi _bI.K.International _c2007 |
||
| 300 | _a351p; | ||
| 500 | _aQuantity Number: 1 | ||
| 650 | _aCivil | ||
| 942 | _cBK | ||
| 999 |
_c57881 _d57881 |
||